Roma education in Europe : practices, policies and politics

Αποθηκεύτηκε σε:
Λεπτομέρειες βιβλιογραφικής εγγραφής
Άλλοι συγγραφείς: Miskovic, Maja (edtf)
Μορφή: Βιβλίο
Γλώσσα:English
Δημοσίευση: London : Routledge, 2013.
Θέματα:
Ετικέτες: Προσθήκη ετικέτας
Δεν υπάρχουν, Καταχωρήστε ετικέτα πρώτοι!

MARC

LEADER 00000nam a2200000 a 4500
001 1/111197
008 160629s2013####uk | ||| |||| ||eng||
020 |a 9780415535984   |q (χαρτόδ.)  
040 |a GR-MyUa  |b gre  |c GR-MyUa  |e AACR2 
041 0 |a eng 
082 7 |a 371.8299149   |2 (23) 
245 0 0 |a Roma education in Europe :   |b practices, policies and politics /   |c επιμέλεια: Maja Miskovic.  
260 |a London :   |b Routledge,   |c 2013.  
300 |a xiii, 206 σ. ;   |c 24 εκ.  
504 |a Περιλαμβάνει βιβλιογραφικές παραπομπές και ευρετήριο.  
650 0 |a Romanies  |x Education  |z European Union countries. 
650 0 |a Romanies. 
700 1 |a Miskovic, Maja,  |e edtf 
852 |a INST  |b RHODES  |e 20160629  |h 371.8299149 ROM  |p 005400038597  |q 005400038597  |t BK  |y 0 
922 |a 4ΕΛΗ  |b 2016-05  |c ΤΑΚ/ΠΤΔΕ  |d ΔΙΑΔΡΟΜΕΣ 
970 |z 29-06-2016